[Event "La Fere op 7th"]
[Site "La Fere"]
[Date "2008.07.06"]
[Round "3"]
[White "Gobeaut, Benjamin"]
[Black "Dagnicourt, Francis"]
[Result "1-0"]
[WhiteElo "1732"]
[BlackElo "1808"]
[PlyCount "71"]
[EventDate "2008.07.05"]
[EventType "swiss"]
[EventRounds "9"]
[EventCountry "FRA"]
[SourceTitle "CBM 125 Extra"]
[Source "ChessBase"]
[SourceDate "2008.09.01"]
[SourceVersion "1"]
[SourceVersionDate "2008.09.01"]
[SourceQuality "1"]

1. d4 Nf6 2. Nf3 d5 3. c3 e6 4. Bg5 Be7 5. Nbd2 Nbd7 6. e3 0-0 7. Bd3 c5 8. 0-0 c4 9. Bc2 b5 10. e4 h6 11. Bh4 Bb7 12. e5 Nh7 13. Bxe7 Qxe7 14. Qe2 f6 15. Nh4 Rfb8 16. Rfe1 Nhf8 17. exf6 Qxf6 18. Nhf3 Re8 19. Ne5 Nxe5 20. dxe5 Qd8 21. Nf3 Nd7 22. Nd4 a6 23. Qg4 Nc5 24. Re3 Qd7 25. Qg6 Ne4 26. f3 Ng5 27. h4 Nh7 28. f4 Kf8 29. Rg3 Ke7 30. Qxg7+ Kd8 31. f5 exf5 32. e6 Rxe6 33. Nxe6+ Qxe6 34. Qd4 Kd7 35. Re3 Qd6 36. Rae1 1-0

[Event "Le Touquet op 22nd"]
[Site "Le Touquet"]
[Date "2007.10.31"]
[Round "7"]
[White "Gobeaut, Benjamin"]
[Black "Guilbert, Jean Louis"]
[Result "0-1"]
[WhiteElo "1710"]
[BlackElo "2007"]
[PlyCount "58"]
[EventDate "2007.10.27"]
[EventType "swiss"]
[EventRounds "9"]
[EventCountry "FRA"]
[SourceTitle "EXT 2008"]
[Source "ChessBase"]
[SourceDate "2007.11.25"]
[SourceVersion "1"]
[SourceVersionDate "2007.11.25"]
[SourceQuality "1"]

1. d4 d5 2. Nf3 c5 3. c3 Nc6 4. Bg5 Qb6 5. Qd2 e6 6. e3 Bd7 7. Bd3 c4 8. Be2 Bd6 9. Bh4 Nf6 10. Qc2 Ne4 11. Nfd2 f5 12. f3 Nf6 13. b4 0-0 14. e4 fxe4 15. Bxf6 Rxf6 16. fxe4 Nxb4 17. cxb4 Qxd4 18. Qc3 Qxc3 19. Nxc3 Bxb4 20. Rc1 d4 21. Ncb1 d3 22. Rxc4 Bxd2+ 23. Nxd2 dxe2 24. Rb4 Bc6 25. Kxe2 Raf8 26. Rf1 Rxf1 27. Nxf1 a5 28. Rb6 Bxe4 29. Rxe6 Bd5 0-1

[Event "La Fere op 6th"]
[Site "La Fere"]
[Date "2007.07.11"]
[Round "7"]
[White "Cozette, Michael"]
[Black "Gobeaut, Benjamin"]
[Result "1-0"]
[WhiteElo "2004"]
[BlackElo "1723"]
[PlyCount "75"]
[EventDate "2007.07.07"]
[EventType "swiss"]
[EventRounds "9"]
[EventCountry "FRA"]
[SourceTitle "CBM 119 Extra"]
[Source "ChessBase"]
[SourceDate "2007.09.04"]
[SourceVersion "1"]
[SourceVersionDate "2007.09.04"]
[SourceQuality "1"]

1. e4 e5 2. Nf3 Nc6 3. Bb5 Bc5 4. 0-0 d6 5. c3 Bd7 6. d4 exd4 7. cxd4 Bb6 8. Nc3 Nge7 9. Bg5 f6 10. Be3 0-0 11. Bc4+ Kh8 12. Ne2 Bg4 13. Nf4 Re8 14. h3 Bxf3 15. Qxf3 Bxd4 16. Ne6 Qd7 17. Nxd4 Ne5 18. Qe2 Nxc4 19. Qxc4 d5 20. exd5 Nxd5 21. Rad1 c6 22. Bc1 Re5 23. Nf3 Re6 24. Qg4 Qf7 25. Rde1 Rae8 26. Rxe6 Rxe6 27. Nd4 Re8 28. h4 Nb4 29. Nf5 Qf8 30. Bf4 Nd5 31. Bd6 Qg8 32. h5 h6 33. Qg6 Re2 34. a4 b6 35. b4 a5 36. bxa5 bxa5 37. Rb1 Re8 38. Rb7 1-0

[Event "La Fere op 5th"]
[Site "La Fere"]
[Date "2006.07.14"]
[Round "9"]
[White "Molet, Asher"]
[Black "Gobeaut, Benjamin"]
[Result "1/2-1/2"]
[WhiteElo "1990"]
[BlackElo "1675"]
[PlyCount "45"]
[EventDate "2006.07.08"]
[EventType "swiss"]
[EventRounds "9"]
[EventCountry "FRA"]
[SourceTitle "CBM 113 Extra"]
[Source "ChessBase"]
[SourceDate "2006.09.14"]
[SourceVersion "1"]
[SourceVersionDate "2006.09.14"]
[SourceQuality "1"]

1. d4 d5 2. Nf3 Nf6 3. e3 e6 4. Bd3 Be7 5. Nbd2 0-0 6. 0-0 Nbd7 7. e4 dxe4 8. Nxe4 Nxe4 9. Bxe4 Nf6 10. Bd3 b6 11. Qe2 Bb7 12. Rd1 Qc8 13. c4 Re8 14. Ne5 c5 15. dxc5 Bxc5 16. b3 Qc7 17. Bb2 Rad8 18. Rac1 Qe7 19. Rc2 Be4 20. Bc3 Qb7 21. Bxe4 Qxe4 22. Re1 Qxe2 23. Rcxe2 1/2-1/2

[Event "Le Touquet op-B 20th"]
[Site "Le Touquet"]
[Date "2005.10.27"]
[Round "6"]
[White "Bellemere, David"]
[Black "Gobeaut, Benjamin"]
[Result "1-0"]
[WhiteElo "1700"]
[BlackElo "1660"]
[PlyCount "45"]
[EventDate "2005.10.22"]
[EventType "swiss"]
[EventRounds "9"]
[EventCountry "FRA"]
[SourceTitle "EXT 2006"]
[Source "ChessBase"]
[SourceDate "2005.11.24"]
[SourceVersion "1"]
[SourceVersionDate "2005.11.24"]
[SourceQuality "1"]

1. e4 e5 2. Nc3 Nc6 3. f4 Bb4 4. Nd5 d6 5. Nxb4 Nxb4 6. Nf3 Nc6 7. Bc4 Nf6 8. d3 Qe7 9. f5 Na5 10. Bb3 Nxb3 11. axb3 h6 12. Be3 b6 13. h3 d5 14. c3 dxe4 15. dxe4 Bb7 16. Nd2 Nxe4 17. Nxe4 Bxe4 18. Qg4 Bc2 19. Qxg7 Rf8 20. Qxh6 Bxf5 21. Qc6+ Qd7 22. Qxa8+ Ke7 23. Qf3 1-0

[Event "Le Touquet op-B 20th"]
[Site "Le Touquet"]
[Date "2005.10.23"]
[Round "1"]
[White "Gobeaut, Benjamin"]
[Black "Jardine, Ludovic"]
[Result "0-1"]
[WhiteElo "1660"]
[BlackElo "1868"]
[PlyCount "96"]
[EventDate "2005.10.22"]
[EventType "swiss"]
[EventRounds "9"]
[EventCountry "FRA"]
[SourceTitle "EXT 2006"]
[Source "ChessBase"]
[SourceDate "2005.11.24"]
[SourceVersion "1"]
[SourceVersionDate "2005.11.24"]
[SourceQuality "1"]

1. d4 Nf6 2. Nf3 g6 3. c4 Bg7 4. Nc3 0-0 5. Bg5 d6 6. e3 Nbd7 7. Be2 e5 8. 0-0 Re8 9. b4 h6 10. Bh4 g5 11. Bg3 Nh5 12. Rc1 f5 13. dxe5 Nxg3 14. hxg3 dxe5 15. Qd5+ Kh8 16. Rfd1 Qe7 17. c5 Nf6 18. Qb3 Be6 19. Bc4 Bxc4 20. Qxc4 Red8 21. Rd3 Rxd3 22. Qxd3 e4 23. Qe2 exf3 24. Qxf3 Ne4 25. Nxe4 Qxe4 26. Qxe4 fxe4 27. Rd1 Bc3 28. Rd7 Bxb4 29. Rxc7 Rd8 30. Rxb7 Bxc5 31. Kf1 Rd2 32. Kg1 Rxa2 33. Rc7 Bb6 34. Re7 Ra1+ 35. Kh2 Rf1 36. Rxe4 Rxf2 37. Re6 Kg7 38. e4 Rf6 39. Re5 Kf7 40. Rb5 Re6 41. Rb4 a5 42. Rb3 a4 43. Ra3 Rxe4 44. Rf3+ Kg6 45. Ra3 Bc5 46. Ra2 a3 47. Kh3 Re3 48. Kh2 Bd6 0-1

[Event "Bethune op-B 24th"]
[Site "Bethune"]
[Date "2003.12.28"]
[Round "4"]
[White "Bosch, Gerard"]
[Black "Gobeaut, Benjamin"]
[Result "1-0"]
[WhiteElo "1620"]
[BlackElo "1490"]
[PlyCount "87"]
[EventDate "2003.12.26"]
[EventType "swiss"]
[EventRounds "9"]
[EventCountry "FRA"]
[SourceTitle "EXT 2005"]
[Source "ChessBase"]
[SourceDate "2004.11.15"]
[SourceVersion "1"]
[SourceVersionDate "2004.11.15"]
[SourceQuality "1"]

1. d4 d5 2. Bf4 Nf6 3. Nf3 e6 4. e3 Nbd7 5. Bd3 Be7 6. c3 0-0 7. Nbd2 b6 8. Qc2 Bb7 9. e4 dxe4 10. Nxe4 Bxe4 11. Bxe4 Nxe4 12. Qxe4 Nf6 13. Qc2 Bd6 14. Bg3 Re8 15. Ne5 Nd7 16. Nc4 e5 17. 0-0-0 Qf6 18. Kb1 Rad8 19. f3 c6 20. Nxd6 Qxd6 21. dxe5 Qe7 22. f4 f6 23. exf6 Nxf6 24. Bh4 Rxd1+ 25. Rxd1 Qe2 26. Bxf6 gxf6 27. g3 Qxc2+ 28. Kxc2 Re2+ 29. Rd2 Rxd2+ 30. Kxd2 Kf7 31. f5 Ke7 32. Ke3 h5 33. Kf4 Kf7 34. h3 Kg7 35. g4 hxg4 36. hxg4 Kh6 37. c4 a6 38. b4 b5 39. c5 Kg7 40. g5 Kf7 41. Kg4 Kg7 42. Kh5 Kf7 43. Kh6 Ke7 44. g6 1-0